000 00577cam a2200169 4500500
005 20251228090926.0
041 _afre
042 _adc
100 1 0 _aAvril, Yves
_eauthor
700 1 0 _aSueur, Jean-Pierre
_eauthor
700 1 0 _aTaïmanova, Tatiana
_eauthor
245 0 0 _aTatiana Taïmanova nous a quittés
260 _c2020.
500 _a35
786 0 _nBulletin de l’Amitié Charles Péguy | 171 | 3 | 2020-04-30 | p. 276-284 | 0180-8567
856 4 1 _uhttps://shs.cairn.info/revue-bulletin-de-lamitie-charles-peguy-2020-3-page-276?lang=fr&redirect-ssocas=7080
999 _c1602903
_d1602904